000 00847nam a22002897a 4500
001 5099
003 FISKH
005 20250404083353.0
008 241106b cb ||||| |||| 00| 0 eng d
020 _a9780789492203
040 _aFISKH
_beng
_cFISKH
_dFISKH
050 _aNA2555.H39
082 _a720.9
100 _aHayden, Kate
_d(1908-)
245 _aAmazing buildings /
_cWritten by Kate Hayden
250 _a2003
260 _aNew York :
_bDK Publishing,
_c2003.
300 _a32 pages :
_bColor illustrations ;
_c23 cm
505 _aJ
520 _aShowcases such unusual buildings as Stadium Australia, the Eiffel Tower, and the Roman Colosseum.
521 8 _a450
_bLexile Adjusted
521 8 _aJ
_bKSP
650 _2Architecture
_aEasy reader
650 _2Non-fiction
_aPrimary
942 _2ddc
_cBK
_n0
999 _c5099
_d5099